Η ψυχανάλυση των παιδιών
Αποθηκεύτηκε σε:
| Κύριος συγγραφέας: | |
|---|---|
| Μορφή: | Βιβλίο |
| Γλώσσα: | Greek |
| Δημοσίευση: |
Αθήνα :
Πύλη,
1990
|
| Έκδοση: | 4η εκδ. |
| Θέματα: | |
| Ετικέτες: |
Προσθήκη ετικέτας
Δεν υπάρχουν, Καταχωρήστε ετικέτα πρώτοι!
|
MARC
| LEADER | 00000nam a2200000 i 4500 | ||
|---|---|---|---|
| 001 | 1/71722 | ||
| 008 | 960319s1990 gre d | ||
| 035 | |a 1990 |b 1 |c Δωρεά |l 10031034 | ||
| 040 | |a GR-MY-UA |b gre |e aacr | ||
| 041 | 0 | |a gre | |
| 082 | 0 | |a 150.195 | |
| 100 | 1 | |a Klein, Melanie |d 1892-1960. | |
| 245 | 1 | 2 | |a Η ψυχανάλυση των παιδιών / |c Μέλανι Κλάιν ; μετάφραση Μαρίνα Λώμη |
| 250 | |a 4η εκδ. | ||
| 260 | |a Αθήνα : |b Πύλη, |c 1990 | ||
| 300 | |a 372 σ. | ||
| 650 | 0 | 0 | |a Child analysis. |
| 650 | 0 | 0 | |a Psychoanalysis. |
| 650 | 0 | 0 | |a Child psychotherapy. |
| 852 | |a INST |b RHODES |e 19960319 |h 150.195 KLE |p 005400003725 |q 005400003725 |t BK |y 0 | ||
| 909 | |a Ρ |b 017499 |c 1990 | ||